| 000 | 00614nam a22001817a 4500 | ||
|---|---|---|---|
| 005 | 20251108170801.0 | ||
| 008 | 250721s2000 xx 000 0 ara d | ||
| 082 | 1 | 4 | _aط/356.167/أحم |
| 100 | 1 | _aأحمد، محمد | |
| 245 | 1 | 0 |
_aطرق تدريب القوات الخاصة الكوماندوس : _bالأمن- الجيش / |
| 264 | 1 |
_aعمان : _bدار الإسراء للنشر و التوزيع، _c2000. |
|
| 300 | _a104ص | ||
| 650 | 1 | 7 | _aالقوات الخاصة |
| 650 | 1 | 7 | _aالقوات الصاعقة |
| 653 | _aناشئون كبار (15-18) سنة | ||
| 942 |
_2ddc _cBK |
||
| 999 |
_c48891 _d48891 |
||